000 01158nam a22003377a 4500
001 BR0700388
003 BR-BrBNA
005 20230928102337.0
007 ta
008 230509b bl.||||| |||| 00| 0 por d
040 _aBR-BrBNA
_bpor
_cBiblioteca Nacional de Agricultura
041 _a(Por)
072 _aF50; L01; L52
_b5240
_b1930
090 _ 5240 BR0700388
100 1 _aMenezes, L.F. de O.
110 1 _aUniversidade de Brasília, DF (Brasil). Faculdade de Agronomia e Medicina Veterinária
_0Tese (Mestre em Ciências Agrárias)
245 1 _aCaracterísticas estruturais de três gramíneas tropicais e seu efeito no desempenho e características da carcaça de ovinos Santa Inês, durante o período seco
260 3 _aBrasília, DF (Brasil):
_c2006.
300 _a61 p.
500 _aSummaries (Eng, Por); Several bibliography; 9 tables; 10 illus.
650 _aOVINO
650 _aRAÇA
650 _aGRAMÍNEA TROPICAL
650 _aCARACTERÍSTICAS AGRONÔMICAS
650 _aMORFOLOGIA VEGETAL
650 _aCARCAÇA
650 _aPERFORMANCE
650 _aSECA
909 _a202309
_bLucia
_c55
_dLucia Elande
942 _cBK
999 _c70289
_d70289